| 000 | 01422cam a22003617a 4500 | ||
|---|---|---|---|
| 999 |
_c26992 _d26992 |
||
| 001 | 13319597 | ||
| 005 | 20170207101806.0 | ||
| 008 | 030124s2003 cauab b 001 0 eng d | ||
| 010 | _a 2002093885 | ||
| 020 | _a0972359001 (acid free) | ||
| 035 | _a(OCoLC)ocm51514734 | ||
| 050 | _aNC 139 .D474F74 2002 | ||
| 100 | 1 |
_aFrench, Rita D. _q(Rita DeSales) |
|
| 245 | 1 | 0 |
_aBaltimore's own Little Italy artist : _bthe artwork of Tony DeSales / _cRita D. French, Perrin L. French, Irvin F. Lin. |
| 246 | 3 | 0 | _aArtwork of Tony DeSales |
| 250 | _a1st ed. | ||
| 260 |
_aPalo Alto, Calif. : _bGenovefa Press, _cc2003. |
||
| 300 |
_axiii, 225 p. : _bill. (chiefly col.), 1 col. map ; _c23 x 29 cm. |
||
| 504 | _aIncludes bibliographical references (p. 210-215) and index. | ||
| 600 | 1 | 0 |
_aDeSales, Tony, _d1941-2000 _xThemes, motives. |
| 650 | 0 |
_aOutsider art _zMaryland _zBaltimore. |
|
| 650 | 0 |
_aBaltimore (Md.) _xIn art. |
|
| 651 | 0 |
_aLittle Italy (Baltimore, Md.) _xIn art. |
|
| 700 | 1 |
_aFrench, Perrin L. _q(Perrin Lindol) |
|
| 700 | 1 | _aLin, Irvin F. | |
| 700 | 1 |
_aDeSales, Tony, _d1941-2000. |
|
| 942 |
_2lcc _cBOOKS |
||